Biológiai zene?
Elmentve itt :
| Szerző: | |
|---|---|
| Adatforrás: | Philobibl |
| Forrásdokumentuma: | Világosság 10 1969/4., 241-248. p. |
| Dokumentumtípus: | Cikk |
| Nyelv: | magyar |
| LEADER | 00392nab a2200109 c 4500 | ||
|---|---|---|---|
| 001 | bibDOK00009335 | ||
| 005 | 20200924120504.7 | ||
| 008 | 060518s1969 xx hun | ||
| 100 | 1 | |a Zoltai Dénes | |
| 245 | 1 | 0 | |a Biológiai zene? |c Zoltai Dénes |
| 500 | |a opponensi vélemény Szőke Péter "A madárhang mint biológiai zene" című kandidátusi értekezéséről | ||
| 773 | 0 | |t Világosság 10 |g 1969/4., 241-248. p. | |